Hợp tác phát triển bền vững kinh tế khu vực biên giới Lào Cai (Việt Nam) - Vân Nam (Trung Quốc) /
Guardado en:
| Autor principal: | |
|---|---|
| Formato: | Artículo |
| Lenguaje: | Vietnamese |
| Materias: | |
| Etiquetas: |
Agregar Etiqueta
Sin Etiquetas, Sea el primero en etiquetar este registro!
|
| Thư viện lưu trữ: | Thư viện Trường Đại học Đà Lạt |
|---|
| LEADER | 00891nam a2200277 4500 | ||
|---|---|---|---|
| 001 | DLU180186446 | ||
| 005 | ##20180827 | ||
| 040 | # | # | |a DLU |b vie |
| 041 | # | # | |a vie |
| 044 | # | # | |a vn |
| 100 | # | # | |a Nguyễn Đình Liêm. |
| 245 | # | # | |a Hợp tác phát triển bền vững kinh tế khu vực biên giới Lào Cai (Việt Nam) - Vân Nam (Trung Quốc) / |c Nguyễn Đình Liêm. |
| 653 | # | # | |a Hợp tác Lào Cai - Vân Nam |
| 653 | # | # | |a Khu vực biên giới |
| 653 | # | # | |a Quan hệ Việt - Trung |
| 653 | # | # | |a Trung Quốc |
| 773 | # | # | |t Nghiên cứu Trung Quốc |g Số 6(190), 2017, tr. 33-44 |
| 920 | # | # | |a Phòng Tạp chí -- Trung tâm Thông tin - Thư viện Trường Đại học Đà Lạt |
| 994 | # | # | |a DLU |
| 900 | # | # | |a True |
| 911 | # | # | |a Nguyễn Thị Thu Phương |
| 925 | # | # | |a G |
| 926 | # | # | |a A |
| 927 | # | # | |a BB |
| 980 | # | # | |a Thư viện Trường Đại học Đà Lạt |